00792 2200301 4500001002100000005001500021035002000036007000300056040001700059100003000076245007300106250001200179300003700191041000800228082001000236084001700246090002200263264003400285336002100319337003000340338002300370650001400393850001000407008004100417990001600458990000800474990000800482INLIS00000000000640920260416084815 a0010-0422000014ta aSBPUPADbind0 aUtami MunandarePengarang1 aPemanduan Anak berabakat :bSuatu Studi Penjajakan /cUtami Munandar a.-Ed. 1 axvi, 156 hal. :billus. ;c19 cm0 aind a371.9 a371.9 UTA p a370.0 KUS g, 14 5 a.--Jakarta :bRajawali,c1982 2rdacontentaTeks 2rdamediaaTanpa Perantara 2rdacarrieravolume 4aPemanduan aPUPAD260416 0  a00000016439 a957 a958